| 000 | 00807nam a22002177a 4500 | ||
|---|---|---|---|
| 999 |
_c19480 _d19480 |
||
| 003 | AR-CdUCM | ||
| 008 | 190517b ||||| |||| 00| 0 spa d | ||
| 040 |
_aMUNICIPALIDAD PROVINCIAL DEL CUSCO _cBIBLIOTECA MUNICIPAL DEL CUSCO |
||
| 082 |
_a869.566 / _bM26 |
||
| 245 | _aEconomía, educación y marxismo en Mariategui / | ||
| 260 |
_aLima : _bStudium, _c1960. |
||
| 300 |
_a190 páginas ; _c22 cm. |
||
| 505 | _aEconomía y educación en los 7 ensayos de Jose Carlos Mariategui -- El caracter peculiar de los 7 ensayos -- Teoria acerca de la educación --La evoculcion de la economia peruana... | ||
| 650 |
_aEducación. _9460 |
||
| 650 |
_aEconomía. _9382 |
||
| 650 |
_aPeru. _9429 |
||
| 650 |
_aMariategui. _95414 |
||
| 700 |
_aJose Carlos Mariategui. _940833 |
||
| 942 |
_2ddc _cLIBROS |
||
| 945 | _awfj | ||